000 01364nam a2200373 i 4500
001 75404
003 0
005 20241217151215.0
006 m o u
007 cr cn|||||||||
008 230210s2021 sp ob 000 0 spa d
020 _a9788491989912
_qelectrónico
035 _a(OCoLC)1370945871
040 _aFINmELB
_bspa
_erda
_cFINmELB
050 4 _aHF5679
_b.J566 2021
080 _a657:004
082 0 4 _a657.0285
_223
100 1 _aJiménez García, Alicia,
_eautor.
245 1 0 _aAplicaciones informáticas de contabilidad. ADGD0308 /
_cAlicia Jiménez García.
264 1 _aMálaga :
_bIC Editorial,
_c2021.
300 _a1 recurso en línea
336 _atexto
_btxt
_2rdacontent/spa
337 _acomputadora
_bc
_2rdamedia/spa
338 _arecurso en línea
_bcr
_2rdacarrier/spa
504 _aIncluye bibliografía.
588 _aDescripción basada en metadatos suministrados por el editor y otras fuentes.
590 _aRecurso electrónico. Santa Fe, Arg.: elibro, 2023. Disponible vía World Wide Web. El acceso puede estar limitado para las bibliotecas afiliadas a elibro.
650 4 _aContabilidad
_xInformática.
655 4 _aLibros electrónicos.
655 4 _aManuales de formación.
797 2 _aelibro, Corp.
856 4 0 _uhttps://elibro.net/ereader/politecnicointernacional/222248
942 _cLIBROS
999 _c75404
_d75404